000 00571nam a2200181 4500
999 _c12409
_d12409
008 210201b ||||| |||| 00| 0 eng d
020 _cRs. 90.00
041 0 _ahin
082 0 0 _a891.43
_bB2149
100 _94589
_aBandyopadhyaya, Tarashankar
245 1 0 _aNagini kanya /
_cby Tarashankar Bandyopadhyaya
245 1 0 _aनागिनी कन्या /
_cतराशंकर बंद्योपाध्याय
260 _aDelhi :
_bBharti Bhasa Prakashan,
_c1993.
300 _a337 p.
365 _bINR 90.00
650 0 _aHindi fiction
942 _2ddc
_cBK